00507nam a2200145 a 450000100100000000500170001000800410002704000250006810000410009324500400013426000370017430000280021195201050023999900170034400004425720201002045241.0140611s1993 dr a 000 0 spa d aDO-SdBNPbspacBNPHU1 aRosa de Castillo, Mercy de la92957610aCatecismo :bencuentro con Jesús. aSanto Domingo :bSusaeta,c1993. a2014p. :bil. ;c24 cm. 0010718PDaPDbPDcCTd2014-06-11iLF1l0o p44257-10r2020-06-25w2020-06-25yLFPDZNo se presta c43746d43746